| 000 | 00509nam a2200181Ia 4500 | ||
|---|---|---|---|
| 999 |
_c32411 _d32411 |
||
| 003 | OSt | ||
| 005 | 20201001151432.0 | ||
| 008 | 190216s9999||||xx |||||||||||||| ||und|| | ||
| 020 | _a9788120346994 | ||
| 040 | _coclc | ||
| 082 |
_a511.3 _bSHI/I |
||
| 100 |
_aShinghal, Rajjan _95289 |
||
| 245 | 0 |
_aIntroduction To Fuzzy Logic / _cRajjan Shinghal |
|
| 260 |
_bPhi Learning, _c2013. _aDelhi: |
||
| 300 | _a129p | ||
| 650 | _aMathematics | ||
| 942 |
_cBK _2ddc _h511.3 _iSHI/I _k511.3 _mSHI/I |
||